<?xml version="1.0" encoding="UTF-8"?>
<record
    xmlns:xsi="http://www.w3.org/2001/XMLSchema-instance"
    xsi:schemaLocation="http://www.loc.gov/MARC21/slim http://www.loc.gov/standards/marcxml/schema/MARC21slim.xsd"
    xmlns="http://www.loc.gov/MARC21/slim">

  <leader>03467nam a22004457a 4500</leader>
  <controlfield tag="005">20091211102113.0</controlfield>
  <controlfield tag="008">091211t        xxu||||| |||| 00| 0 eng d</controlfield>
  <datafield tag="010" ind1=" " ind2=" ">
    <subfield code="a">B-370198-213</subfield>
  </datafield>
  <datafield tag="020" ind1=" " ind2=" ">
    <subfield code="a">9780195676983</subfield>
    <subfield code="c">665.00</subfield>
  </datafield>
  <datafield tag="035" ind1=" " ind2=" ">
    <subfield code="a">B-370198-213</subfield>
  </datafield>
  <datafield tag="037" ind1=" " ind2=" ">
    <subfield code="b">Impulse</subfield>
  </datafield>
  <datafield tag="040" ind1=" " ind2=" ">
    <subfield code="a">dpl</subfield>
    <subfield code="b">English </subfield>
  </datafield>
  <datafield tag="082" ind1=" " ind2=" ">
    <subfield code="a">823</subfield>
  </datafield>
  <datafield tag="245" ind1=" " ind2=" ">
    <subfield code="a">Oxford dictionary &amp; thesaurus /</subfield>
    <subfield code="c">edited by Julia Elliott with Anne Knight (and) Chris Cowley</subfield>
  </datafield>
  <datafield tag="260" ind1=" " ind2=" ">
    <subfield code="a">New Delhi </subfield>
    <subfield code="b">Oxford University Press </subfield>
    <subfield code="c">2009 (repr.)</subfield>
  </datafield>
  <datafield tag="270" ind1=" " ind2=" ">
    <subfield code="a">YMCA Library Building, Jai Singh Road, </subfield>
    <subfield code="b">New Delhi </subfield>
    <subfield code="e">110001</subfield>
  </datafield>
  <datafield tag="300" ind1=" " ind2=" ">
    <subfield code="a">x, 932p.</subfield>
    <subfield code="c">25cm(Hb) </subfield>
  </datafield>
  <datafield tag="500" ind1=" " ind2=" ">
    <subfield code="a">This book published in 3 vol. and set price is 1995.00</subfield>
  </datafield>
  <datafield tag="700" ind1=" " ind2=" ">
    <subfield code="a"> Elliott,Julia</subfield>
  </datafield>
  <datafield tag="700" ind1=" " ind2=" ">
    <subfield code="a">Knight, Anne</subfield>
  </datafield>
  <datafield tag="700" ind1=" " ind2=" ">
    <subfield code="a">Cowley, Chris</subfield>
  </datafield>
  <datafield tag="942" ind1=" " ind2=" ">
    <subfield code="2">ddc</subfield>
    <subfield code="c">RF</subfield>
    <subfield code="m">OXF</subfield>
    <subfield code="h">823</subfield>
  </datafield>
  <datafield tag="999" ind1=" " ind2=" ">
    <subfield code="c">32476</subfield>
    <subfield code="d">32476</subfield>
  </datafield>
  <datafield tag="952" ind1=" " ind2=" ">
    <subfield code="0">0</subfield>
    <subfield code="1">0</subfield>
    <subfield code="2">ddc</subfield>
    <subfield code="4">0</subfield>
    <subfield code="7">1</subfield>
    <subfield code="8">REF</subfield>
    <subfield code="a">L</subfield>
    <subfield code="b">L</subfield>
    <subfield code="d">2010-05-22</subfield>
    <subfield code="e">Impulse/CS 2478/4.4.10/162/27.1.10/4.2.10</subfield>
    <subfield code="g">665.00</subfield>
    <subfield code="l">0</subfield>
    <subfield code="o">823 OXF</subfield>
    <subfield code="p">B-370198</subfield>
    <subfield code="r">2010-05-22 00:00:00</subfield>
    <subfield code="t">1</subfield>
    <subfield code="v">665.00</subfield>
    <subfield code="w">2010-05-22</subfield>
    <subfield code="y">CH</subfield>
  </datafield>
  <datafield tag="952" ind1=" " ind2=" ">
    <subfield code="0">0</subfield>
    <subfield code="1">0</subfield>
    <subfield code="2">ddc</subfield>
    <subfield code="4">0</subfield>
    <subfield code="7">1</subfield>
    <subfield code="8">REF</subfield>
    <subfield code="a">BL1</subfield>
    <subfield code="b">BL1</subfield>
    <subfield code="d">2010-05-22</subfield>
    <subfield code="e">Impulse/CS 2478/4.4.10/162/27.1.10/4.2.10</subfield>
    <subfield code="g">665.00</subfield>
    <subfield code="l">0</subfield>
    <subfield code="o">823 OXF</subfield>
    <subfield code="p">B-370199</subfield>
    <subfield code="r">2010-05-22 00:00:00</subfield>
    <subfield code="t">1</subfield>
    <subfield code="v">665.00</subfield>
    <subfield code="w">2010-05-22</subfield>
    <subfield code="y">CH</subfield>
  </datafield>
  <datafield tag="952" ind1=" " ind2=" ">
    <subfield code="0">0</subfield>
    <subfield code="1">0</subfield>
    <subfield code="2">ddc</subfield>
    <subfield code="4">0</subfield>
    <subfield code="7">1</subfield>
    <subfield code="8">REF</subfield>
    <subfield code="a">JP</subfield>
    <subfield code="b">JP</subfield>
    <subfield code="d">2010-05-22</subfield>
    <subfield code="e">Impulse/CS 2478/4.4.10/162/27.1.10/4.2.10</subfield>
    <subfield code="g">665.00</subfield>
    <subfield code="l">0</subfield>
    <subfield code="o">823 OXF</subfield>
    <subfield code="p">B-370200</subfield>
    <subfield code="r">2010-05-22 00:00:00</subfield>
    <subfield code="t">1</subfield>
    <subfield code="v">665.00</subfield>
    <subfield code="w">2010-05-22</subfield>
    <subfield code="y">CH</subfield>
  </datafield>
  <datafield tag="952" ind1=" " ind2=" ">
    <subfield code="0">0</subfield>
    <subfield code="1">0</subfield>
    <subfield code="2">ddc</subfield>
    <subfield code="4">0</subfield>
    <subfield code="7">1</subfield>
    <subfield code="8">REF</subfield>
    <subfield code="a">ZLS</subfield>
    <subfield code="b">ZLS</subfield>
    <subfield code="d">2010-05-22</subfield>
    <subfield code="e">Impulse/CS 2478/4.4.10/162/27.1.10/4.2.10</subfield>
    <subfield code="g">665.00</subfield>
    <subfield code="l">0</subfield>
    <subfield code="o">823 OXF</subfield>
    <subfield code="p">B-370201</subfield>
    <subfield code="r">2010-05-22 00:00:00</subfield>
    <subfield code="t">1</subfield>
    <subfield code="v">665.00</subfield>
    <subfield code="w">2010-05-22</subfield>
    <subfield code="y">CH</subfield>
  </datafield>
  <datafield tag="952" ind1=" " ind2=" ">
    <subfield code="0">0</subfield>
    <subfield code="1">0</subfield>
    <subfield code="2">ddc</subfield>
    <subfield code="4">0</subfield>
    <subfield code="7">1</subfield>
    <subfield code="8">REF</subfield>
    <subfield code="a">RKP</subfield>
    <subfield code="b">RKP</subfield>
    <subfield code="d">2010-05-22</subfield>
    <subfield code="e">Impulse/CS 2478/4.4.10/162/27.1.10/4.2.10</subfield>
    <subfield code="g">665.00</subfield>
    <subfield code="l">0</subfield>
    <subfield code="o">823 OXF</subfield>
    <subfield code="p">B-370202</subfield>
    <subfield code="r">2010-05-22 00:00:00</subfield>
    <subfield code="t">1</subfield>
    <subfield code="v">665.00</subfield>
    <subfield code="w">2010-05-22</subfield>
    <subfield code="y">CH</subfield>
  </datafield>
  <datafield tag="952" ind1=" " ind2=" ">
    <subfield code="0">0</subfield>
    <subfield code="1">0</subfield>
    <subfield code="2">ddc</subfield>
    <subfield code="4">0</subfield>
    <subfield code="7">1</subfield>
    <subfield code="8">REF</subfield>
    <subfield code="a">AG</subfield>
    <subfield code="b">AG</subfield>
    <subfield code="d">2010-05-22</subfield>
    <subfield code="e">Impulse/CS 2478/4.4.10/162/27.1.10/4.2.10</subfield>
    <subfield code="g">665.00</subfield>
    <subfield code="l">0</subfield>
    <subfield code="o">823 OXF</subfield>
    <subfield code="p">B-370203</subfield>
    <subfield code="r">2010-05-22 00:00:00</subfield>
    <subfield code="t">1</subfield>
    <subfield code="v">665.00</subfield>
    <subfield code="w">2010-05-22</subfield>
    <subfield code="y">CH</subfield>
  </datafield>
  <datafield tag="952" ind1=" " ind2=" ">
    <subfield code="0">0</subfield>
    <subfield code="1">0</subfield>
    <subfield code="2">ddc</subfield>
    <subfield code="4">0</subfield>
    <subfield code="7">1</subfield>
    <subfield code="8">REF</subfield>
    <subfield code="a">SP</subfield>
    <subfield code="b">SP</subfield>
    <subfield code="d">2010-05-22</subfield>
    <subfield code="e">Impulse/CS 2478/4.4.10/162/27.1.10/4.2.10</subfield>
    <subfield code="g">665.00</subfield>
    <subfield code="l">0</subfield>
    <subfield code="o">823 OXF</subfield>
    <subfield code="p">B-370204</subfield>
    <subfield code="r">2010-05-22 00:00:00</subfield>
    <subfield code="t">1</subfield>
    <subfield code="v">665.00</subfield>
    <subfield code="w">2010-05-22</subfield>
    <subfield code="y">CH</subfield>
  </datafield>
  <datafield tag="952" ind1=" " ind2=" ">
    <subfield code="0">0</subfield>
    <subfield code="1">0</subfield>
    <subfield code="2">ddc</subfield>
    <subfield code="4">0</subfield>
    <subfield code="7">1</subfield>
    <subfield code="8">REF</subfield>
    <subfield code="a">QRP</subfield>
    <subfield code="b">QRP</subfield>
    <subfield code="d">2010-05-22</subfield>
    <subfield code="e">Impulse/CS 2478/4.4.10/162/27.1.10/4.2.10</subfield>
    <subfield code="g">665.00</subfield>
    <subfield code="l">0</subfield>
    <subfield code="o">823 OXF</subfield>
    <subfield code="p">B-370205</subfield>
    <subfield code="r">2010-05-22 00:00:00</subfield>
    <subfield code="t">1</subfield>
    <subfield code="v">665.00</subfield>
    <subfield code="w">2010-05-22</subfield>
    <subfield code="y">CH</subfield>
  </datafield>
  <datafield tag="952" ind1=" " ind2=" ">
    <subfield code="0">0</subfield>
    <subfield code="1">0</subfield>
    <subfield code="2">ddc</subfield>
    <subfield code="4">0</subfield>
    <subfield code="7">1</subfield>
    <subfield code="8">REF</subfield>
    <subfield code="a">VP</subfield>
    <subfield code="b">VP</subfield>
    <subfield code="d">2010-05-22</subfield>
    <subfield code="e">Impulse/CS 2478/4.4.10/162/27.1.10/4.2.10</subfield>
    <subfield code="g">665.00</subfield>
    <subfield code="l">0</subfield>
    <subfield code="o">823 OXF</subfield>
    <subfield code="p">B-370206</subfield>
    <subfield code="r">2010-05-22 00:00:00</subfield>
    <subfield code="t">1</subfield>
    <subfield code="v">665.00</subfield>
    <subfield code="w">2010-05-22</subfield>
    <subfield code="y">CH</subfield>
  </datafield>
  <datafield tag="952" ind1=" " ind2=" ">
    <subfield code="0">0</subfield>
    <subfield code="1">5</subfield>
    <subfield code="2">ddc</subfield>
    <subfield code="4">0</subfield>
    <subfield code="7">1</subfield>
    <subfield code="8">REF</subfield>
    <subfield code="a">BL3</subfield>
    <subfield code="b">BL3</subfield>
    <subfield code="d">2010-05-22</subfield>
    <subfield code="e">Impulse/CS 2478/4.4.10/162/27.1.10/4.2.10</subfield>
    <subfield code="g">665.00</subfield>
    <subfield code="l">0</subfield>
    <subfield code="o">823 OXF</subfield>
    <subfield code="p">B-370207</subfield>
    <subfield code="r">2010-05-22 00:00:00</subfield>
    <subfield code="t">1</subfield>
    <subfield code="v">665.00</subfield>
    <subfield code="y">CH</subfield>
  </datafield>
  <datafield tag="952" ind1=" " ind2=" ">
    <subfield code="0">0</subfield>
    <subfield code="1">5</subfield>
    <subfield code="2">ddc</subfield>
    <subfield code="4">0</subfield>
    <subfield code="7">1</subfield>
    <subfield code="8">REF</subfield>
    <subfield code="a">NRR</subfield>
    <subfield code="b">NRR</subfield>
    <subfield code="d">2010-05-22</subfield>
    <subfield code="e">Impulse/CS 2478/4.4.10/162/27.1.10/4.2.10</subfield>
    <subfield code="g">665.00</subfield>
    <subfield code="l">0</subfield>
    <subfield code="o">823 OXF</subfield>
    <subfield code="p">B-370208</subfield>
    <subfield code="r">2010-05-22 00:00:00</subfield>
    <subfield code="t">1</subfield>
    <subfield code="v">665.00</subfield>
    <subfield code="y">CH</subfield>
  </datafield>
  <datafield tag="952" ind1=" " ind2=" ">
    <subfield code="0">0</subfield>
    <subfield code="1">0</subfield>
    <subfield code="2">ddc</subfield>
    <subfield code="4">0</subfield>
    <subfield code="7">1</subfield>
    <subfield code="8">REF</subfield>
    <subfield code="a">BKK</subfield>
    <subfield code="b">BKK</subfield>
    <subfield code="d">2010-05-22</subfield>
    <subfield code="e">Impulse/CS 2478/4.4.10/162/27.1.10/4.2.10</subfield>
    <subfield code="g">665.00</subfield>
    <subfield code="l">0</subfield>
    <subfield code="o">823 OXF</subfield>
    <subfield code="p">B-370209</subfield>
    <subfield code="r">2010-05-22 00:00:00</subfield>
    <subfield code="t">1</subfield>
    <subfield code="v">665.00</subfield>
    <subfield code="w">2010-05-22</subfield>
    <subfield code="y">CH</subfield>
  </datafield>
  <datafield tag="952" ind1=" " ind2=" ">
    <subfield code="0">0</subfield>
    <subfield code="1">0</subfield>
    <subfield code="2">ddc</subfield>
    <subfield code="4">0</subfield>
    <subfield code="7">1</subfield>
    <subfield code="8">REF</subfield>
    <subfield code="a">NR</subfield>
    <subfield code="b">NR</subfield>
    <subfield code="d">2010-05-22</subfield>
    <subfield code="e">Impulse/CS 2478/4.4.10/162/27.1.10/4.2.10</subfield>
    <subfield code="g">665.00</subfield>
    <subfield code="l">0</subfield>
    <subfield code="o">823 OXF</subfield>
    <subfield code="p">B-370210</subfield>
    <subfield code="r">2010-05-22 00:00:00</subfield>
    <subfield code="t">1</subfield>
    <subfield code="v">665.00</subfield>
    <subfield code="w">2010-05-22</subfield>
    <subfield code="y">CH</subfield>
  </datafield>
  <datafield tag="952" ind1=" " ind2=" ">
    <subfield code="0">0</subfield>
    <subfield code="1">0</subfield>
    <subfield code="2">ddc</subfield>
    <subfield code="4">0</subfield>
    <subfield code="7">1</subfield>
    <subfield code="8">REF</subfield>
    <subfield code="a">BN</subfield>
    <subfield code="b">BN</subfield>
    <subfield code="d">2010-05-22</subfield>
    <subfield code="e">Impulse/CS 2478/4.4.10/162/27.1.10/4.2.10</subfield>
    <subfield code="g">665.00</subfield>
    <subfield code="l">0</subfield>
    <subfield code="o">823 OXF</subfield>
    <subfield code="p">B-370211</subfield>
    <subfield code="r">2010-05-22 00:00:00</subfield>
    <subfield code="t">1</subfield>
    <subfield code="v">665.00</subfield>
    <subfield code="w">2010-05-22</subfield>
    <subfield code="y">CH</subfield>
  </datafield>
  <datafield tag="952" ind1=" " ind2=" ">
    <subfield code="0">0</subfield>
    <subfield code="1">5</subfield>
    <subfield code="2">ddc</subfield>
    <subfield code="4">0</subfield>
    <subfield code="7">1</subfield>
    <subfield code="8">REF</subfield>
    <subfield code="a">BL4</subfield>
    <subfield code="b">BL4</subfield>
    <subfield code="d">2010-05-22</subfield>
    <subfield code="e">Impulse/CS 2478/4.4.10/162/27.1.10/4.2.10</subfield>
    <subfield code="g">665.00</subfield>
    <subfield code="l">0</subfield>
    <subfield code="o">823 OXF</subfield>
    <subfield code="p">B-370212</subfield>
    <subfield code="r">2010-05-22 00:00:00</subfield>
    <subfield code="t">1</subfield>
    <subfield code="v">665.00</subfield>
    <subfield code="y">CH</subfield>
  </datafield>
  <datafield tag="952" ind1=" " ind2=" ">
    <subfield code="0">0</subfield>
    <subfield code="1">5</subfield>
    <subfield code="2">ddc</subfield>
    <subfield code="4">0</subfield>
    <subfield code="7">1</subfield>
    <subfield code="8">REF</subfield>
    <subfield code="a">YV</subfield>
    <subfield code="b">YV</subfield>
    <subfield code="d">2010-05-22</subfield>
    <subfield code="e">Impulse/CS 2478/4.4.10/162/27.1.10/4.2.10</subfield>
    <subfield code="g">665.00</subfield>
    <subfield code="l">0</subfield>
    <subfield code="o">823 OXF</subfield>
    <subfield code="p">B-370213</subfield>
    <subfield code="r">2010-05-22 00:00:00</subfield>
    <subfield code="t">1</subfield>
    <subfield code="v">665.00</subfield>
    <subfield code="y">CH</subfield>
  </datafield>
</record>
